[Event "Gibtelecom ChallWk2 5th"]
[Site "Gibraltar"]
[Date "2007.02.01"]
[Round "5"]
[White "Benaddi, Mouhcine"]
[Black "Helin, Mikael"]
[Result "1-0"]
[WhiteElo "2084"]
[BlackElo "1951"]
[PlyCount "63"]
[EventDate "2007.01.28"]
[EventType "swiss"]
[EventRounds "5"]
[EventCountry "GGB"]
[SourceTitle "BritBase"]
[Source "www.saund.co.uk"]
[SourceDate "2018.02.10"]
[SourceVersion "1"]
[SourceVersionDate "2018.02.10"]
[SourceQuality "1"]

1. e4 g6 2. d4 d6 3. f4 a6 4. Nf3 Bg7 5. Bd3 e6 6. O-O h6 7. Nc3 b5 8. a4 b4 9.
Na2 a5 10. e5 Ne7 11. c3 Na6 12. Be3 Nd5 13. Bd2 Rb8 14. Re1 bxc3 15. bxc3 O-O
16. Qe2 Ra8 17. Bb5 Bb7 18. Reb1 f5 19. exf6 Rxf6 20. Bd3 Bc8 21. Qe4 Ra7 22.
c4 Ndb4 23. Nxb4 axb4 24. Bxb4 c5 25. Bc3 Raf7 26. g3 Nb4 27. dxc5 Nxd3 28.
Qxd3 e5 29. Bxe5 Bf5 30. Bxf6 Bxf6 31. Qxd6 Rd7 32. Re1 {remaining moves
illegible} 1-0

[Event "Gibtelecom ChallWk2 5th"]
[Site "Gibraltar"]
[Date "2007.02.01"]
[Round "5"]
[White "Compton, Alistair"]
[Black "Morris-Hill, Ray"]
[Result "0-1"]
[WhiteElo "2093"]
[BlackElo "1892"]
[PlyCount "131"]
[EventDate "2007.01.28"]
[EventType "swiss"]
[EventRounds "5"]
[EventCountry "GGB"]
[SourceTitle "BritBase"]
[Source "www.saund.co.uk"]
[SourceDate "2018.02.10"]
[SourceVersion "1"]
[SourceVersionDate "2018.02.10"]
[SourceQuality "1"]

1. e4 c5 2. Nc3 Nc6 3. f4 g6 4. Nf3 Bg7 5. Bb5 Nd4 6. Bd3 d6 7. Nxd4 cxd4 8.
Ne2 Nf6 9. O-O O-O 10. Qe1 Nd7 11. Bc4 e6 12. d3 a6 13. a4 b6 14. Qf2 Qf6 15.
Qg3 Qe7 16. f5 Ne5 17. Bb3 exf5 18. Nf4 Kh8 19. Nd5 Qd8 20. Bg5 f6 21. Bd2 Ra7
22. c3 dxc3 23. Bxc3 fxe4 24. dxe4 Rb7 25. Nf4 b5 26. Bd5 Qb6+ 27. Kh1 Ng4 28.
Qh4 Nh6 29. Nxg6+ hxg6 30. Rxf6 Rxf6 31. Bxf6 Kh7 32. Bxb7 Qxb7 33. Bxg7 Qxg7
34. Rc1 g5 35. Qf2 Bb7 36. Qb6 Bxe4 37. Rc7 Nf7 38. Qxa6 bxa4 39. Qxa4 d5 40.
Qd7 Bxg2+ 41. Kxg2 Qxb2+ 42. Kf1 Qa1+ 43. Ke2 Qe5+ 44. Kd3 Qe4+ 45. Kc3 Qe5+
46. Kb4 Qd4+ 47. Kb5 Qd3+ 48. Kb6 Qd4+ 49. Kb7 Qb4+ 50. Ka8 Qa3+ 51. Kb8 Qb4+
52. Rb7 Qf8+ 53. Kc7 Qc5+ 54. Qc6 Qe7+ 55. Kb6 Qb4+ 56. Qb5 Qd6+ 57. Ka7 Qa3+
58. Qa6 Qc5+ 59. Ka8 Qc8+ 60. Ka7 Qc5+ 61. Rb6 Qe7+ 62. Ka8 Qf8+ 63. Rb8 Qe7
64. Qd3+ Qe4 65. Qh3+ Kg7 66. Qc8 0-1

[Event "Gibtelecom ChallWk2 5th"]
[Site "Gibraltar"]
[Date "2007.02.01"]
[Round "5"]
[White "Daoudi, Kamal"]
[Black "Kvisla, Johannes Luangtep"]
[Result "1-0"]
[WhiteElo "2129"]
[BlackElo "2134"]
[PlyCount "123"]
[EventDate "2007.01.28"]
[EventType "swiss"]
[EventRounds "5"]
[EventCountry "GGB"]
[SourceTitle "BritBase"]
[Source "www.saund.co.uk"]
[SourceDate "2018.02.10"]
[SourceVersion "1"]
[SourceVersionDate "2018.02.10"]
[SourceQuality "1"]

1. e4 e5 2. Nf3 Nc6 3. Bb5 a6 4. Ba4 Nf6 5. O-O Be7 6. Re1 b5 7. Bb3 O-O 8. h3
Bb7 9. d3 d6 10. a3 Na5 11. Ba2 c5 12. Nbd2 Nc6 13. c3 Bc8 14. d4 cxd4 15. cxd4
exd4 16. Nb3 Be6 17. Nbxd4 Nxd4 18. Nxd4 Bxa2 19. Rxa2 Rc8 20. Bf4 Re8 21. Nf5
Bf8 22. f3 d5 23. e5 Nh5 24. Bc1 Bc5+ 25. Kh2 Bf2 26. Rf1 Rxe5 27. Rxf2 Rxf5
28. Be3 Qd6+ 29. Kg1 Nf4 30. b4 h6 31. Rac2 Re8 32. Bxf4 Qxf4 33. Rc5 Rfe5 34.
Rf1 Qe3+ 35. Kh2 Qxa3 36. Rxd5 Qxb4 37. Rxe5 Qf4+ 38. Kg1 Qxe5 39. Qd7 Qe6 40.
Qb7 Qc8 41. Qb6 Re6 42. Qa5 Rc6 43. Qa3 Rc3 44. Qb2 Rc2 45. Qb1 Qc5+ 46. Kh2 a5
47. Re1 a4 48. Re8+ Kh7 49. Re2 b4 50. Rxc2 Qf5 51. Rb2 Qxb1 52. Rxb1 b3 53.
Kg3 Kg6 54. Kf4 h5 55. Ke3 Kf5 56. g4+ hxg4 57. hxg4+ Ke5 58. f4+ Kd5 59. Kd3
Ke6 60. Kc3 f5 61. gxf5+ Kxf5 62. Rf1 1-0

[Event "Gibtelecom ChallWk2 5th"]
[Site "Gibraltar"]
[Date "2007.02.01"]
[Round "5"]
[White "De La Rubia Ramirez, Dulce"]
[Black "Murray, J Stephen"]
[Result "0-1"]
[WhiteElo "1852"]
[BlackElo "2010"]
[PlyCount "93"]
[EventDate "2007.01.28"]
[EventType "swiss"]
[EventRounds "5"]
[EventCountry "GGB"]
[SourceTitle "BritBase"]
[Source "www.saund.co.uk"]
[SourceDate "2018.02.10"]
[SourceVersion "1"]
[SourceVersionDate "2018.02.10"]
[SourceQuality "1"]

1. e4 c5 2. Nf3 d6 3. Bc4 e6 4. c3 Nf6 5. Qe2 Be7 6. Bb3 Nc6 7. O-O O-O 8. d4
Qc7 9. Nbd2 b6 10. Re1 cxd4 11. cxd4 Bb7 12. d5 Na5 13. dxe6 Nxb3 14. exf7+
Rxf7 15. Nxb3 Nxe4 16. Be3 Raf8 17. Rac1 Nc5 18. Nbd4 Qd7 19. Rc3 Bf6 20. Rec1
Qg4 21. h3 Qg6 22. Qc2 Be4 23. Qe2 Bxd4 24. Nh4 Qf6 25. Bxd4 Qxd4 26. Re3 Qf6
27. Nf3 Bxf3 28. Rxf3 Qg6 29. Qc4 Qe6 30. Qxe6 Nxe6 31. Re3 Re8 32. Rce1 Rfe7
33. Rd1 Nc5 34. Rxe7 Rxe7 35. Rxd6 Rd7 36. Rxd7 Nxd7 37. Kf1 Kf7 38. Ke2 Ke6
39. Ke3 Nc5 40. g4 Na4 41. b4 Nc3 42. Kd3 Nxa2 43. Kc4 a6 44. f4 g6 45. h4 Kf6
46. Kb3 Nc1+ 47. Kc2 0-1

[Event "Gibtelecom ChallWk2 5th"]
[Site "Gibraltar"]
[Date "2007.02.01"]
[Round "5"]
[White "Galliano, Alex"]
[Black "Dimitrijevic, Dragan"]
[Result "1/2-1/2"]
[WhiteElo "1300"]
[BlackElo "2037"]
[PlyCount "54"]
[EventDate "2007.01.28"]
[EventType "swiss"]
[EventRounds "5"]
[EventCountry "GGB"]
[SourceTitle "BritBase"]
[Source "www.saund.co.uk"]
[SourceDate "2018.02.10"]
[SourceVersion "1"]
[SourceVersionDate "2018.02.10"]
[SourceQuality "1"]

1. e4 c5 2. c3 d5 3. exd5 Qxd5 4. d4 Nc6 5. Nf3 cxd4 6. cxd4 e5 7. dxe5 Qxd1+
8. Kxd1 Bg4 9. Bb5 O-O-O+ 10. Nbd2 Bxf3+ 11. gxf3 Nxe5 12. Ke2 a6 13. Ba4 b5
14. Bc2 g6 15. f4 Nc6 16. Nb3 Bg7 17. a3 Nf6 18. Rb1 Rhe8+ 19. Be3 Nd4+ 20.
Nxd4 Rxd4 21. Kf3 Rd5 22. Rhd1 Rxd1 23. Rxd1 Ng4 24. h3 Nxe3 25. fxe3 Bxb2 26.
a4 Kc7 27. Rd2 Bf6 {remaining moves illegible} 1/2-1/2

[Event "Gibtelecom ChallWk2 5th"]
[Site "Gibraltar"]
[Date "2007.02.01"]
[Round "5"]
[White "Garcia, Mario"]
[Black "Dennis, Nigel W"]
[Result "0-1"]
[WhiteElo "1424"]
[BlackElo "1998"]
[PlyCount "80"]
[EventDate "2007.01.28"]
[EventType "swiss"]
[EventRounds "5"]
[EventCountry "GGB"]
[SourceTitle "BritBase"]
[Source "www.saund.co.uk"]
[SourceDate "2018.02.10"]
[SourceVersion "1"]
[SourceVersionDate "2018.02.10"]
[SourceQuality "1"]

1. e4 c5 2. Nf3 e6 3. d4 cxd4 4. Nxd4 Nf6 5. Nc3 d6 6. Bb5+ Bd7 7. Bxd7+ Qxd7
8. O-O Be7 9. Be3 O-O 10. f4 Nc6 11. a3 Nxd4 12. Bxd4 Qc6 13. Qe2 a6 14. Rad1
Rad8 15. Rd3 d5 16. Bxf6 Bxf6 17. e5 Be7 18. Rh3 g6 19. Nd1 f6 20. Rhf3 fxe5
21. fxe5 Rxf3 22. Rxf3 Rf8 23. Rxf8+ Bxf8 24. g3 Qb6+ 25. Kg2 Bg7 26. b3 Qd4
27. Nf2 Qxe5 28. Qxe5 Bxe5 29. Nd3 Bd6 30. a4 Kf7 31. Kf3 e5 32. Ke3 Ke6 33. c3
e4 34. Nc1 Ke5 35. Ne2 Bc5+ 36. Nd4 a5 37. h3 h6 38. g4 g5 39. b4 axb4 40. cxb4
Bxb4 0-1

[Event "Gibtelecom ChallWk2 5th"]
[Site "Gibraltar"]
[Date "2007.02.01"]
[Round "5"]
[White "Gravett, Alan D"]
[Black "Hewitt, Sean D"]
[Result "1/2-1/2"]
[WhiteElo "1869"]
[BlackElo "1712"]
[PlyCount "65"]
[EventDate "2007.01.28"]
[EventType "swiss"]
[EventRounds "5"]
[EventCountry "GGB"]
[SourceTitle "BritBase"]
[Source "www.saund.co.uk"]
[SourceDate "2018.02.10"]
[SourceVersion "1"]
[SourceVersionDate "2018.02.10"]
[SourceQuality "1"]

1. g3 g6 2. Bg2 Bg7 3. d4 Nf6 4. e4 d6 5. Ne2 O-O 6. O-O e5 7. Nbc3 Nc6 8. d5
Ne7 9. a4 Nd7 10. a5 f5 11. f4 exf4 12. Nxf4 Ne5 13. Nb5 fxe4 14. Bxe4 Nf5 15.
Ne6 Bxe6 16. dxe6 a6 17. Nc3 c6 18. Bxf5 Rxf5 19. Rxf5 gxf5 20. Ne2 Nc4 21. Nd4
Qf6 22. c3 c5 23. Qb3 cxd4 24. Qxc4 dxc3 25. bxc3 Qxc3 26. Ra4 Kf8 27. Bf4 Ke7
28. Bg5+ Ke8 29. e7 Kd7 30. Qf4 Qc5+ 31. Kg2 Qc2+ 32. Kh3 Be5 33. Qc4 1/2-1/2

[Event "Gibtelecom ChallWk2 5th"]
[Site "Gibraltar"]
[Date "2007.02.01"]
[Round "5"]
[White "Guardia Bencomo, Tomas"]
[Black "Strand, Haakon"]
[Result "1-0"]
[WhiteElo "1900"]
[BlackElo "2015"]
[PlyCount "61"]
[EventDate "2007.01.28"]
[EventType "swiss"]
[EventRounds "5"]
[EventCountry "GGB"]
[SourceTitle "BritBase"]
[Source "www.saund.co.uk"]
[SourceDate "2018.02.10"]
[SourceVersion "1"]
[SourceVersionDate "2018.02.10"]
[SourceQuality "1"]

1. c4 e5 2. g3 Nc6 3. Bg2 Bc5 4. e3 f5 5. Ne2 d6 6. Nbc3 Nf6 7. b3 a5 8. Bb2
O-O 9. O-O Qe8 10. d4 Bb6 11. dxe5 dxe5 12. Nd5 Nxd5 13. Bxd5+ Kh8 14. Nc3 f4
15. exf4 exf4 16. Ne4 Bh3 17. c5 Bxf1 18. cxb6 Bh3 19. bxc7 fxg3 20. fxg3 Qg6
21. Ba3 Bg4 22. Qc1 Rf5 23. Qc4 Rxd5 24. Qxd5 Bf3 25. Qd7 Bg4 26. Qd5 h6 27.
Nd6 Qf6 28. Re1 Rf8 29. Ne4 Qf3 30. Bxf8 Ne5 31. Qxe5 1-0

[Event "Gibtelecom ChallWk2 5th"]
[Site "Gibraltar"]
[Date "2007.02.01"]
[Round "5"]
[White "Jameson, David"]
[Black "De Kruif, Kees"]
[Result "1/2-1/2"]
[WhiteElo "1972"]
[BlackElo "2075"]
[PlyCount "91"]
[EventDate "2007.01.28"]
[EventType "swiss"]
[EventRounds "5"]
[EventCountry "GGB"]
[SourceTitle "BritBase"]
[Source "www.saund.co.uk"]
[SourceDate "2018.02.10"]
[SourceVersion "1"]
[SourceVersionDate "2018.02.10"]
[SourceQuality "1"]

1. e4 c5 2. Nf3 d6 3. d4 cxd4 4. Nxd4 Nf6 5. Nc3 a6 6. Be2 e6 7. O-O Be7 8. f4
O-O 9. Be3 Qc7 10. a4 Nc6 11. Nb3 b6 12. Bf3 Bb7 13. Qe1 Rac8 14. Rd1 Rfd8 15.
Qf2 Nd7 16. Rd2 Bf6 17. Rfd1 Bxc3 18. bxc3 Nc5 19. e5 dxe5 20. Nxc5 bxc5 21.
fxe5 Rxd2 22. Rxd2 Nxe5 23. Bxb7 Qxb7 24. Bxc5 f6 25. h3 Nc4 26. Rd1 Qc6 27.
Be3 Qxa4 28. Rd4 Qa1+ 29. Kh2 Qxc3 30. Bh6 Ne5 31. Bf4 Ng6 32. Rd7 Nxf4 33.
Qxf4 Qe5 34. Qxe5 fxe5 35. Rd6 a5 36. Rxe6 Rc5 37. Ra6 Kf7 38. Kg3 e4 39. Kf4
Rxc2 40. Rxa5 Rxg2 41. Kxe4 Kg6 42. Kf3 Rg1 43. h4 h5 44. Ra4 Rb1 45. Kf4 Rb6
46. Rc4 1/2-1/2

[Event "Gibtelecom ChallWk2 5th"]
[Site "Gibraltar"]
[Date "2007.02.01"]
[Round "5"]
[White "Manetto, Luis"]
[Black "Pettersen, Joar Gullestad"]
[Result "0-1"]
[WhiteElo "1568"]
[BlackElo "2032"]
[PlyCount "42"]
[EventDate "2007.01.28"]
[EventType "swiss"]
[EventRounds "5"]
[EventCountry "GGB"]
[SourceTitle "BritBase"]
[Source "www.saund.co.uk"]
[SourceDate "2018.02.10"]
[SourceVersion "1"]
[SourceVersionDate "2018.02.10"]
[SourceQuality "1"]

1. e4 e5 2. Nf3 Nc6 3. Bb5 a6 4. Ba4 Nf6 5. O-O Nxe4 6. Re1 Nc5 7. Bxc6 dxc6 8.
Nxe5 Ne6 9. d4 Be7 10. c3 O-O 11. Be3 Bf6 12. Nf3 Be7 13. Nbd2 c5 14. Nf1 cxd4
15. Nxd4 c5 16. Nf5 Bf6 17. Qe2 Qc7 18. N1g3 Bd7 19. Ne4 Be5 20. g3 g6 21. Ne7+
Kh8 {remaining moves illegible} 0-1

[Event "Gibtelecom ChallWk2 5th"]
[Site "Gibraltar"]
[Date "2007.02.01"]
[Round "5"]
[White "Millward, Kevin"]
[Black "Mayers, Dan"]
[Result "1-0"]
[WhiteElo "1744"]
[BlackElo "1965"]
[PlyCount "65"]
[EventDate "2007.01.28"]
[EventType "swiss"]
[EventRounds "5"]
[EventCountry "GGB"]
[SourceTitle "BritBase"]
[Source "www.saund.co.uk"]
[SourceDate "2018.02.10"]
[SourceVersion "1"]
[SourceVersionDate "2018.02.10"]
[SourceQuality "1"]

1. e4 e6 2. d4 d5 3. exd5 exd5 4. Bd3 Bd6 5. Nf3 Ne7 6. c3 c6 7. Nbd2 Bg4 8.
Nf1 Qc7 9. Ne3 h5 10. h3 Bd7 11. Qc2 c5 12. dxc5 Bxc5 13. Bd2 Nbc6 14. O-O-O
O-O-O 15. Rhe1 Kb8 16. Kb1 Rc8 17. Re2 Be6 18. Nf1 Qb6 19. Ng5 Bd6 20. Qb3 Qc7
21. Nxe6 fxe6 22. Rxe6 Ne5 23. Bb5 Ka8 24. Bg5 Rhd8 25. Ne3 d4 26. Rxd4 Qc5 27.
Rexd6 Rxd6 28. Bxe7 Nf7 29. Bxd6 Nxd6 30. Qb4 Qxb4 31. Rxb4 a5 32. Ra4 b6 33.
Be2 1-0

[Event "Gibtelecom ChallWk2 5th"]
[Site "Gibraltar"]
[Date "2007.02.01"]
[Round "5"]
[White "Millward, Richard"]
[Black "Hamer, Martyn"]
[Result "1-0"]
[WhiteElo "2140"]
[BlackElo "1987"]
[PlyCount "139"]
[EventDate "2007.01.28"]
[EventType "swiss"]
[EventRounds "5"]
[EventCountry "GGB"]
[SourceTitle "BritBase"]
[Source "www.saund.co.uk"]
[SourceDate "2018.02.10"]
[SourceVersion "1"]
[SourceVersionDate "2018.02.10"]
[SourceQuality "1"]

1. e4 e5 2. Nf3 Nf6 3. Nc3 Nc6 4. Bc4 Nxe4 5. Nxe4 d5 6. Bb5 dxe4 7. Nxe5 Qd5
8. Bxc6+ bxc6 9. Ng4 Ba6 10. Ne3 Qe6 11. b3 Be7 12. Bb2 Bf6 13. Bxf6 Qxf6 14.
c4 O-O 15. O-O Rad8 16. Qh5 Bc8 17. Rad1 Qe6 18. f4 f5 19. Qe2 Rfe8 20. Qf2 Qf6
21. Nc2 a5 22. Rb1 Qd6 23. Rfd1 c5 24. g3 Be6 25. Ne3 Qb6 26. h3 g6 27. g4 Rd3
28. Kh2 fxg4 29. hxg4 Qd6 30. Kh1 Rf8 31. f5 h5 32. Qh2 Qxh2+ 33. Kxh2 gxf5 34.
gxf5 Bxf5 35. Rg1+ Kh7 36. Rbf1 Rxd2+ 37. Kh1 Rxa2 38. Nxf5 Rg8 39. Ng3 Rg4 40.
Rg2 Ra3 41. Nxh5 Rh4+ 42. Rh2 Rxh2+ 43. Kxh2 e3 44. Rb1 Kg6 45. Ng3 Kf6 46.
Ne4+ Ke5 47. Nc3 a4 48. Nxa4 Ra2+ 49. Kg3 Kd4 50. Re1 Rc2 51. Kf3 Rf2+ 52. Kg3
Rc2 53. Rb1 Ra2 54. Rh1 Rc2 55. Rh4+ Kd3 56. Nxc5+ Kd2 57. Kf3 e2 58. Rd4+ Ke1
59. Ke3 Kf1 60. Rf4+ Kg1 61. Nd3 Ra2 62. Rg4+ Kf1 63. Rf4+ Kg1 64. Ne1 Rb2 65.
c5 Kh2 66. Rf2+ Kg3 67. Rxe2 Rxb3+ 68. Kd4 Kf4 69. Kd5 Rh3 70. Re7 1-0

[Event "Gibtelecom ChallWk2 5th"]
[Site "Gibraltar"]
[Date "2007.02.01"]
[Round "5"]
[White "Norman, Dinah"]
[Black "Beltran Medina, Jorge"]
[Result "0-1"]
[WhiteElo "2003"]
[BlackElo "2104"]
[PlyCount "52"]
[EventDate "2007.01.28"]
[EventType "swiss"]
[EventRounds "5"]
[EventCountry "GGB"]
[SourceTitle "BritBase"]
[Source "www.saund.co.uk"]
[SourceDate "2018.02.10"]
[SourceVersion "1"]
[SourceVersionDate "2018.02.10"]
[SourceQuality "1"]

1. d4 f5 2. Nf3 Nf6 3. g3 g6 4. Bg2 Bg7 5. O-O O-O 6. c4 d6 7. d5 c6 8. Nc3 e5
9. Ne1 c5 10. Bd2 Na6 11. Nc2 Bd7 12. e4 f4 13. Ne1 g5 14. Nd3 Nb4 15. Be1 g4
16. f3 Rc8 17. a3 Nxd3 18. Qxd3 a6 19. Bf2 Nh5 20. fxg4 Bxg4 21. h3 Bd7 22. g4
f3 23. Be3 fxg2 24. Rxf8+ Qxf8 25. gxh5 Qf3 26. Qe2 Qxh3 0-1

[Event "Gibtelecom ChallWk2 5th"]
[Site "Gibraltar"]
[Date "2007.02.01"]
[Round "5"]
[White "Obers, Frits"]
[Black "Norman, Kenneth I"]
[Result "1/2-1/2"]
[WhiteElo "2071"]
[BlackElo "2151"]
[PlyCount "35"]
[EventDate "2007.01.28"]
[EventType "swiss"]
[EventRounds "5"]
[EventCountry "GGB"]
[SourceTitle "BritBase"]
[Source "www.saund.co.uk"]
[SourceDate "2018.02.10"]
[SourceVersion "1"]
[SourceVersionDate "2018.02.10"]
[SourceQuality "1"]

1. d4 Nf6 2. c4 g6 3. Nc3 d5 4. cxd5 Nxd5 5. e4 Nxc3 6. bxc3 Bg7 7. Bc4 c5 8.
Ne2 O-O 9. O-O Nc6 10. Be3 Qc7 11. Rc1 Rd8 12. Bf4 Qd7 13. dxc5 Qe8 14. Bd5 Bd7
15. Qd3 e6 16. Bb3 Ne5 17. Qg3 Nc6 18. Bd6 1/2-1/2

[Event "Gibtelecom ChallWk2 5th"]
[Site "Gibraltar"]
[Date "2007.02.01"]
[Round "5"]
[White "Osuna Vega, Enrique"]
[Black "Agdestein, Emil"]
[Result "1-0"]
[WhiteElo "2177"]
[BlackElo "2116"]
[PlyCount "73"]
[EventDate "2007.01.28"]
[EventType "swiss"]
[EventRounds "5"]
[EventCountry "GGB"]
[SourceTitle "BritBase"]
[Source "www.saund.co.uk"]
[SourceDate "2018.02.10"]
[SourceVersion "1"]
[SourceVersionDate "2018.02.10"]
[SourceQuality "1"]

1. d4 d5 2. Nf3 Nc6 3. Bf4 Bg4 4. e3 e6 5. c4 Nf6 6. Nc3 Bd6 7. Bg5 dxc4 8.
Bxc4 O-O 9. h3 Bxf3 10. gxf3 e5 11. d5 Ne7 12. Rg1 Kh8 13. Qe2 Bb4 14. O-O-O
Bxc3 15. bxc3 Qd6 16. Bb3 a5 17. Qd3 Qa3+ 18. Kd2 Rfd8 19. Ke2 Ra6 20. c4 Re8
21. Bc2 Qxd3+ 22. Bxd3 Rb6 23. Rb1 Nd7 24. Rxb6 Nxb6 25. Rb1 f6 26. Bh4 Ra8 27.
d6 Nec8 28. c5 Nd7 29. c6 bxc6 30. dxc7 Ra7 31. Rb8 Rxc7 32. Ra8 g5 33. Bg3 a4
34. Bf5 Ndb6 35. Rb8 Kg7 36. f4 gxf4 37. exf4 1-0

[Event "Gibtelecom ChallWk2 5th"]
[Site "Gibraltar"]
[Date "2007.02.01"]
[Round "5"]
[White "Perez Romero, Carlos"]
[Black "Hauptmann, Thomas"]
[Result "1/2-1/2"]
[WhiteElo "2019"]
[BlackElo "2046"]
[PlyCount "60"]
[EventDate "2007.01.28"]
[EventType "swiss"]
[EventRounds "5"]
[EventCountry "GGB"]
[SourceTitle "BritBase"]
[Source "www.saund.co.uk"]
[SourceDate "2018.02.10"]
[SourceVersion "1"]
[SourceVersionDate "2018.02.10"]
[SourceQuality "1"]

1. e4 d5 2. exd5 Qxd5 3. Nc3 Qa5 4. d4 c6 5. Nf3 Nf6 6. Bc4 Bf5 7. Bd2 e6 8.
Nd5 Qd8 9. Nxf6+ gxf6 10. c3 Nd7 11. Nh4 Bg6 12. Qe2 Be7 13. O-O-O Qc7 14. g3
O-O-O 15. f4 f5 16. Ng2 Nf6 17. Rde1 Rhe8 18. Qe5 Ne4 19. Qxc7+ Kxc7 20. Be3
Bh5 21. Be2 Bxe2 22. Rxe2 b6 23. Ne1 h5 24. Nf3 Bf6 25. Nd2 Nd6 26. Bf2 Rg8 27.
Kc2 Rg4 28. Ree1 Rh8 29. Kd3 h4 30. Kc2 h3 1/2-1/2

[Event "Gibtelecom ChallWk2 5th"]
[Site "Gibraltar"]
[Date "2007.02.01"]
[Round "5"]
[White "Sbia, Bachir"]
[Black "Dekker, Alain"]
[Result "0-1"]
[WhiteElo "1914"]
[BlackElo "2144"]
[PlyCount "68"]
[EventDate "2007.01.28"]
[EventType "swiss"]
[EventRounds "5"]
[EventCountry "GGB"]
[SourceTitle "BritBase"]
[Source "www.saund.co.uk"]
[SourceDate "2018.02.10"]
[SourceVersion "1"]
[SourceVersionDate "2018.02.10"]
[SourceQuality "1"]

1. Nf3 f5 2. d4 Nf6 3. Nc3 d5 4. Bg5 e6 5. Bxf6 Qxf6 6. Qd3 c6 7. g4 Bd6 8. g5
Qe7 9. h4 Nd7 10. O-O-O b5 11. e3 Nb6 12. Ne5 Bxe5 13. dxe5 Nc4 14. Qd4 O-O 15.
Bxc4 bxc4 16. Ne2 c5 17. Qc3 Rb8 18. h5 Rd8 19. Nf4 Bd7 20. h6 g6 21. Rxd5 exd5
22. Nxd5 Qe6 23. Nf4 Qc6 24. Qxc4+ Kf8 25. Rd1 Qb6 26. b3 Bb5 27. Qc3 Rxd1+ 28.
Kxd1 Kg8 29. e6 Qc7 30. Kc1 Rd8 31. Qf6 Rf8 32. Qc3 Bc6 33. Qxc5 Rc8 34. Qe5
Bd5 {remaining moves illegible} 0-1

[Event "Gibtelecom ChallWk2 5th"]
[Site "Gibraltar"]
[Date "2007.02.01"]
[Round "5"]
[White "Schmidt, Raul"]
[Black "Hickman, John E"]
[Result "1-0"]
[WhiteElo "1979"]
[BlackElo "2052"]
[PlyCount "83"]
[EventDate "2007.01.28"]
[EventType "swiss"]
[EventRounds "5"]
[EventCountry "GGB"]
[SourceTitle "BritBase"]
[Source "www.saund.co.uk"]
[SourceDate "2018.02.10"]
[SourceVersion "1"]
[SourceVersionDate "2018.02.10"]
[SourceQuality "1"]

1. b3 e5 2. Bb2 d6 3. g3 f5 4. Bg2 Nf6 5. d4 Nbd7 6. c4 g6 7. Nf3 e4 8. Ng5 Qe7
9. O-O Bg7 10. Nc3 c6 11. Kh1 O-O 12. f3 Ng4 13. fxg4 Qxg5 14. gxf5 gxf5 15.
Bc1 Qg6 16. Bf4 Rd8 17. e3 Nf6 18. Qe2 Be6 19. Bh3 h5 20. Rg1 Ng4 21. Rac1 Bf7
22. Rc2 Kh7 23. Qe1 Bf8 24. Bf1 Be7 25. h3 Nf6 26. Rh2 Kg7 27. Be2 Rh8 28. Nd1
Be6 29. Nf2 Kf7 30. Qb4 Rab8 31. Bxd6 Bxd6 32. Qxd6 Rbd8 33. Qc7+ Rd7 34. Qe5
Rg8 35. h4 Re8 36. Nh3 Rde7 37. Qc5 Ra8 38. Ng5+ Ke8 39. Rf2 Nd7 40. Qd6 Rd8
41. Qf4 c5 42. d5 1-0

[Event "Gibtelecom ChallWk2 5th"]
[Site "Gibraltar"]
[Date "2007.02.01"]
[Round "5"]
[White "Stokes, Ivan"]
[Black "Fellousi, Abdelaziz"]
[Result "1-0"]
[WhiteElo "2044"]
[BlackElo "2118"]
[PlyCount "95"]
[EventDate "2007.01.28"]
[EventType "swiss"]
[EventRounds "5"]
[EventCountry "GGB"]
[SourceTitle "BritBase"]
[Source "www.saund.co.uk"]
[SourceDate "2018.02.10"]
[SourceVersion "1"]
[SourceVersionDate "2018.02.10"]
[SourceQuality "1"]

1. e4 c5 2. Nf3 e6 3. Nc3 d6 4. g3 Nf6 5. Bg2 Be7 6. d4 cxd4 7. Nxd4 O-O 8. O-O
a6 9. a4 Qc7 10. Be3 Nbd7 11. a5 Ne5 12. Nb3 Nc4 13. Bc1 Bd7 14. Qe2 Rac8 15.
f4 Rfd8 16. g4 Be8 17. g5 Nd7 18. h4 Bf8 19. Bh3 b5 20. axb6 Qxb6+ 21. Qf2 Nc5
22. Nxc5 dxc5 23. b3 Nd6 24. Bg2 Nb5 25. Nxb5 Qxb5 26. Re1 Bc6 27. Bf1 Qb6 28.
Bd2 Rd4 29. Bxa6 Ra8 30. Bd3 Rxa1 31. Rxa1 Bxe4 32. Bc3 Bb7 33. Bxd4 Qc6 34.
Kh2 cxd4 35. Re1 Qc7 36. Be4 Bc8 37. Kg2 g6 38. Rd1 Bc5 39. Qf3 Bd7 40. h5 Bb6
41. Ra1 Kf8 42. Ra8+ Ke7 43. Ra1 Qc5 44. h6 d3 45. cxd3 Qc2+ 46. Kg3 e5 47.
fxe5 Be6 48. Bc6 1-0

[Event "Gibtelecom ChallWk2 5th"]
[Site "Gibraltar"]
[Date "2007.02.01"]
[Round "5"]
[White "Urbina Perez, Juan Antonio"]
[Black "Nyland, Thomas"]
[Result "1-0"]
[WhiteElo "2114"]
[BlackElo "2124"]
[PlyCount "118"]
[EventDate "2007.01.28"]
[EventType "swiss"]
[EventRounds "5"]
[EventCountry "GGB"]
[SourceTitle "BritBase"]
[Source "www.saund.co.uk"]
[SourceDate "2018.02.10"]
[SourceVersion "1"]
[SourceVersionDate "2018.02.10"]
[SourceQuality "1"]

1. e4 e5 2. Nf3 Nc6 3. Bb5 Nf6 4. Qe2 Bc5 5. c3 O-O 6. d3 Re8 7. Bg5 a6 8. Ba4
d6 9. Nbd2 Ba7 10. Nf1 b5 11. Bb3 Be6 12. Ne3 Bxe3 13. fxe3 Bxb3 14. axb3 Qe7
15. O-O Qe6 16. Bxf6 Qxf6 17. b4 Qe7 18. Qf2 a5 19. bxa5 Nxa5 20. Nh4 f6 21.
Nf5 Qf7 22. d4 exd4 23. exd4 Kh8 24. Qf3 Nc4 25. Rxa8 Rxa8 26. e5 Rf8 27. exf6
Qxf6 28. Qe2 Qg5 29. h4 Qg6 30. b3 Nd2 31. Rf2 Nxb3 32. Qxb5 Qf7 33. Rf3 Nd2
34. Rf2 Ne4 35. Rf3 Nxc3 36. Rxc3 Qxf5 37. Rf3 Qc8 38. Qd7 Qa8 39. Rxf8+ Qxf8
40. Qxc7 h6 41. Qc2 Qf4 42. Qf2 Qxf2+ 43. Kxf2 Kh7 44. Kf3 Kg6 45. Ke4 Kh5 46.
Kd5 Kxh4 47. Kxd6 Kg3 48. Ke5 h5 49. d5 h4 50. d6 Kxg2 51. d7 h3 52. d8=Q h2
53. Qd2+ Kg1 54. Qe1+ Kg2 55. Qe2+ Kg1 56. Qg4+ Kh1 57. Ke4 g5 58. Qf3+ Kg1 59.
Ke3 h1=Q 1-0

[Event "Gibtelecom ChallWk2 5th"]
[Site "Gibraltar"]
[Date "2007.02.01"]
[Round "5"]
[White "Vea, Odin Blikra"]
[Black "Menon, Shanker"]
[Result "1-0"]
[WhiteElo "2147"]
[BlackElo "2194"]
[PlyCount "43"]
[EventDate "2007.01.28"]
[EventType "swiss"]
[EventRounds "5"]
[EventCountry "GGB"]
[SourceTitle "BritBase"]
[Source "www.saund.co.uk"]
[SourceDate "2018.02.10"]
[SourceVersion "1"]
[SourceVersionDate "2018.02.10"]
[SourceQuality "1"]

1. e4 c5 2. a3 Nc6 3. b4 cxb4 4. axb4 Nxb4 5. d4 d5 6. c3 Nc6 7. exd5 Qxd5 8.
Na3 Qe4+ 9. Ne2 Bg4 10. f3 Bxf3 11. gxf3 Qxf3 12. Rg1 e5 13. Bg2 Qh5 14. Qa4 e4
15. Bxe4 Nge7 16. Bf4 Qh4+ 17. Kd2 O-O-O 18. Nb5 a6 19. Na7+ Kd7 20. Nxc6 Nxc6
21. Bxc6+ bxc6 22. Bg5 1-0